مكتبة جامعة عجلون الوطنية

فهرس بحث المكتبة

القاموس القانوني الثلاثي : قاموس قانوني موسوعي شامل ومفصل : عربي-فرنسي-إنكليزي (Record no. 14044)

MARC details
000 -LEADER
fixed length control field 00857nam a2200205Ii 4500
003 - CONTROL NUMBER IDENTIFIER
control field JO-AjNU
008 - FIXED-LENGTH DATA ELEMENTS--GENERAL INFORMATION
fixed length control field 230605s9999||||xx |||||||||||||| ||und||
040 ## - CATALOGING SOURCE
Original cataloging agency JO-AjNU
Language of cataloging ara
Description conventions rda
Transcribing agency JO-AjNU
041 ## - LANGUAGE CODE
Language code of text/sound track or separate title ara
050 14 - LIBRARY OF CONGRESS CALL NUMBER
Classification number K52.E5.N344.2002
100 3# - MAIN ENTRY--PERSONAL NAME
Personal name تأليف نخلة، موريس؛ مؤلف مشارك روحي البعلبكي، صلاح مطر,
Relator term author
9 (RLIN) 27345
245 00 - TITLE STATEMENT
Title القاموس القانوني الثلاثي : قاموس قانوني موسوعي شامل ومفصل : عربي-فرنسي-إنكليزي
250 ## - EDITION STATEMENT
Edition statement الطبعة الأولى، 2002
264 31 - PRODUCTION, PUBLICATION, DISTRIBUTION, MANUFACTURE, AND COPYRIGHT NOTICE
Place of production, publication, distribution, manufacture بيروت،لبنان: منشورات الحلبي الحقوقية، 2002
300 ## - PHYSICAL DESCRIPTION
Extent 1771ص
336 ## - CONTENT TYPE
Content type term text
Content type code txt
Source rdacontent
337 ## - MEDIA TYPE
Media type term unmediated
Media type code n
Source rdamedia
338 ## - CARRIER TYPE
Carrier type term volume
Carrier type code nc
Source rdacarrier
650 #4 - SUBJECT ADDED ENTRY--TOPICAL TERM
Topical term or geographic name entry element القانون -- معاجم 
9 (RLIN) 27346
Holdings
Withdrawn status Lost status Source of classification or shelving scheme Damaged status Not for loan Home library Current library Shelving location Date acquired Total Checkouts Full call number Barcode Date last seen Price effective from Koha item type
    Library of Congress Classification     مكتبة جامعة عجلون الوطنية مكتبة جامعة عجلون الوطنية المراجع 06/06/2023   K52.E5.N344.2002 A10476 06/06/2023 06/06/2023 Reference